00430nam a22001337a 4500003000400000005001700004008004100021040001100062100007600073245008300149250000800232260004800240300000800288OSt20240415161411.0240415b |||||||| |||| 00| 0 eng d cMRSPTU aKhwaja Ahmad Abbas (ਖ਼ਵਾਜਾ ਅਹਿਮਦ ਅੱਬਾਸ) aInqlab (ਇਨਕਲਾਬbਸਰਵੋਤਮ ਭਾਰਤੀ ਸਾਹਿਤ a1st aPunjabbDirector Education Departmentc1997 a438